Código civil japonés

Saved in:
Bibliographic Details
Format: Book
Language:Spanish
Published: Madrid Marcial Pons 2000
Subjects:
Tags: Add Tag
No Tags, Be the first to tag this record!

MARC

LEADER 00000nam a2200000 a 4500
001 UCO9884
003 CL-VaPUC
008 010309e20000000SP |||||||||||||||||spa|d
020 |a 8472488373 
082 0 4 |a 346.52  |b COD  |2 21 
245 1 0 |a Código civil japonés 
300 |a 323 p 
942 |c BK 
945 |d 20010309 00:00:00  |a vberengu 
260 |a Madrid  |b Marcial Pons  |c 2000 
650 0 |a Derechos reales  |9 257708 
650 0 |a Propiedad   |9 255268 
650 0 |a Obligaciones   |9 255578 
650 0 |a Familias   |9 255641 
650 0 |a Derecho sucesorio  |9 255015 
583 |a last modification  |c 20010309 00:00:00  |k Rodrigo Vera 
999 |c 293901  |d 293899 
952 |0 0  |1 0  |4 0  |6 346_520000000000000_COD_2000  |7 0  |8 A  |9 345672  |a BIBDER  |b BIBDER  |d 2019-11-20  |i 3696448  |o 346.52 COD 2000  |p 3696448  |r 2023-01-25  |w 2019-11-20  |y BK  |k DER